Регионална библиотека "Любен Каравелов" - Русе

Животът на една гейша (Запис номер 101599)

MARC детайли
000 -Лидер
Контролно поле с фиксирана дължина 01148nam a2200325 c 4500
003 - Код на организацията, давaща контролен номер
Контролно поле BLK
005 - Дата и час на последна редакция
Контролно поле 20250728135449.0
008 - Елементи от данни с фиксирана дължина
fixed length control field 180409b bul|||||r ||||||| ||bul||
010 ## - Наследен системен номер
LC control number KNG00106650000
020 ## - Международен стандартен номер на книга ISBN
Международен стандартен номер на книга ISBN 954-733-322-4
040 ## - Източник на каталожния запис
Идентификатор на билиотеката - собственик на записа BLK
041 ## - Код за език
Код за езика на текст/звукозапис или на отделно заглавие Български
Код за езика КДБФ Български
080 ## - УДК
Текстов определител УДК Японска литература
УДК код - определител по УДК 821.521
УДК определител -94
УДК - код + определител 821.521-94
100 1# - Редна дума - Автор
Автор Ивасаки, Минеко
Авторска отговорност първи автор
R(LIN) 71874
139 ## - Редно поле
Редна дума Ивасаки, Минеко
Авторски знак Иванч - И 25
245 10 - Сведения за заглавието
Заглавие Животът на една гейша
Подзаглавни данни Роман
Редно поле (дума) Минеко Ивасаки; прев. Йолина Миланова.
257 ## - Страна на издаване
Страна на създаване/издаване Япония
260 ## - Област на издателските данни
Място на издаване, разпространение и проч. [София]
Име на издателя, разпространителя и проч. Прозорец
Година на издаване 2003
Печатница София : Инвестпрес
300 ## - Физическа характеристика
Страници 256 с., 8 л.
Илюстрации и др. ил.
Размери/Мащаб 20 см
380 ## - Жанр
Жанр Худож. лит.
500 ## - Общи забележки
Забележка Ориг. загл. Geisha a life / Mineko Iwasaki. - Офс. изд.
700 1# - Други автори (авторска отговорност)
Лично име Миланова, Йолина Антонова
9 (RLIN) 363658
852 ## - Местоположение
Форматна сигнатура Цб 215135
856 4# - Електронен адрес и достъп
Електронен формат pdf - файл
856 4# - Електронен адрес и достъп
Електронен формат pdf - файл
942 ## - АРТИКУЛИ
Вид на библиотечния материал Книги
Скрит в OPAC Не
944 ## - СЪЗДАВАНЕ И РЕДАКЦИЯ на ЗАПИСА
Създаване/Редакция Създаване
Дата на регистрацията/редакция 01.01.2003
Служител, извършил регистрацията/редакцията 30549
Статус, дата на статуса Вася Ганчева
944 ## - СЪЗДАВАНЕ И РЕДАКЦИЯ на ЗАПИСА
Създаване/Редакция Редакция
Дата на регистрацията/редакция 07.07.2004
999 ## - СИСТЕМНИ КОНТРОЛНИ НОМЕРА
Koha biblionumber 101599
Koha biblioitemnumber 101599
999 ## - СИСТЕМНИ КОНТРОЛНИ НОМЕРА
Koha biblioitemnumber 101599
Наличности
Код за отписване Код за изгубен артикул Код за повреда Коз за рестрикции Код за отдаване Артикулен № Име на библиотеката - собственик Име на библиотеката, в която се намира в момента Статус (Текущо местоположение) Дата на вписване в системата Местоположение - отдел Цена в лева Инвентарен номер Систематично азбучна сигнатура Баркод Номер на екземпляра Цена в евро Служебна бележка Служебен тип на артикула
  Не е изгубен Не е повреден без рестрикции заемане за дома 163758 Регионална библиотека "Любен Каравелов" Русе Регионална библиотека "Любен Каравелов" Русе Заемна - подръчен фонд 2003-06-19 Заемна - подръчен фонд 7.90 120000676916 П 895-9/И 25 120000676916 1 4.04 Дост: Pk Вид: Ф N: 19 Дата: 19.06.2003 Дата инв: 08.02.2018 Бележки инв: П2018 Книги
  Не е изгубен Не е повреден без рестрикции ползва се в читалня 163759 Регионална библиотека "Любен Каравелов" Русе Регионална библиотека "Любен Каравелов" Русе Хранилище 2004-07-01 Хранилище 7.90 120000686610 Цб 215135 120000686610 2 4.04 Дост: Dp Вид: Д N: 35 Дата: 27.08.2003 Книги
Vip Innovations Ltd, Rousse, Bulgaria 2025